| 000 | 00780nam a2200241 a 4500 | ||
|---|---|---|---|
| 005 | 20230318063606.0 | ||
| 008 | 991125s1978 mx 000 0 spa u | ||
| 020 | _a9681601505 | ||
| 035 | _aUPN01000040416 | ||
| 049 | _aCG | ||
| 050 | 4 |
_aPA4037 _bF5.48 1978 |
|
| 100 | 1 |
_aFinley, Moses Israel, _d1912-1986 _932603 |
|
| 245 | 1 | 3 |
_aEl mundo de Odiseo / _cpor M. I. Finley ; tr. Mateo Hernández Barroso. |
| 250 | _a2a ed. | ||
| 260 |
_aMéxico : _bFCE, _c1978. |
||
| 300 | _a229 p. | ||
| 440 | 0 |
_aBreviarios del Fondo de Cultura Económica ; _v158 |
|
| 650 | 4 |
_aODISEO (MITOLOGIA GRIEGA) EN LA LITERATURA _910780 |
|
| 650 | 4 |
_aPoesía épica griega _xHistoria y crítica _91233 |
|
| 650 | 4 |
_aCIVILIZACION HOMERICA _910778 |
|
| 600 | 0 | 4 |
_aHOMERO. _tODISEA _910779 |
| 905 | _aLibro | ||
| 999 |
_c40416 _d40416 |
||